<?xml version="1.0" encoding="UTF-8"?>
<record
    xmlns:xsi="http://www.w3.org/2001/XMLSchema-instance"
    xsi:schemaLocation="http://www.loc.gov/MARC21/slim http://www.loc.gov/standards/marcxml/schema/MARC21slim.xsd"
    xmlns="http://www.loc.gov/MARC21/slim">

  <leader>00848nam a22002177a 4500</leader>
  <datafield tag="952" ind1=" " ind2=" ">
    <subfield code="0">0</subfield>
    <subfield code="1">0</subfield>
    <subfield code="4">0</subfield>
    <subfield code="7">0</subfield>
    <subfield code="a">01</subfield>
    <subfield code="b">01</subfield>
    <subfield code="d">2018-10-18</subfield>
    <subfield code="l">0</subfield>
    <subfield code="o">005.2762 B380p 2015</subfield>
    <subfield code="p">01 014350</subfield>
    <subfield code="r">2018-10-18</subfield>
    <subfield code="t">1</subfield>
    <subfield code="w">2018-10-18</subfield>
    <subfield code="y">LB</subfield>
  </datafield>
  <datafield tag="952" ind1=" " ind2=" ">
    <subfield code="0">0</subfield>
    <subfield code="1">0</subfield>
    <subfield code="4">0</subfield>
    <subfield code="7">0</subfield>
    <subfield code="a">01</subfield>
    <subfield code="b">01</subfield>
    <subfield code="d">2018-11-14</subfield>
    <subfield code="l">0</subfield>
    <subfield code="o">005.2762 B380p 2015</subfield>
    <subfield code="p">01 014361</subfield>
    <subfield code="r">2018-11-14</subfield>
    <subfield code="t">2</subfield>
    <subfield code="w">2018-11-14</subfield>
    <subfield code="y">LB</subfield>
  </datafield>
  <datafield tag="999" ind1=" " ind2=" ">
    <subfield code="c">103492</subfield>
    <subfield code="d">103492</subfield>
  </datafield>
  <controlfield tag="005">20231102152056.0</controlfield>
  <controlfield tag="008">170123s2015    ag a    r     001 0 spa d</controlfield>
  <datafield tag="020" ind1=" " ind2=" ">
    <subfield code="a">9789873832048</subfield>
  </datafield>
  <datafield tag="082" ind1=" " ind2="4">
    <subfield code="a">005.2762</subfield>
    <subfield code="b">B380p  2015</subfield>
  </datafield>
  <datafield tag="100" ind1="1" ind2=" ">
    <subfield code="a">Beati, Hern&#xE1;n</subfield>
    <subfield code="e">autor</subfield>
  </datafield>
  <datafield tag="245" ind1="1" ind2="0">
    <subfield code="a">PHP</subfield>
    <subfield code="b">: creaci&#xF3;n de p&#xE1;ginas web din&#xE1;micas</subfield>
    <subfield code="c"> / Hern&#xE1;n Beati</subfield>
  </datafield>
  <datafield tag="250" ind1=" " ind2=" ">
    <subfield code="a">2a edici&#xF3;n</subfield>
  </datafield>
  <datafield tag="260" ind1="3" ind2=" ">
    <subfield code="a">Buenos Aires, Argentina</subfield>
    <subfield code="b"> : Alfaomega</subfield>
    <subfield code="c">, 2015</subfield>
  </datafield>
  <datafield tag="300" ind1=" " ind2=" ">
    <subfield code="a">412 p&#xE1;ginas</subfield>
    <subfield code="b">: ilustraciones</subfield>
  </datafield>
  <datafield tag="500" ind1=" " ind2=" ">
    <subfield code="a">Reimpresiones : 2016</subfield>
  </datafield>
  <datafield tag="519" ind1=" " ind2=" ">
    <subfield code="a">Plan Flexible / </subfield>
    <subfield code="b">Periodismo y Medios Digitales / </subfield>
    <subfield code="c">Plataformas Digitales y Ambientes Web (P02-2) / </subfield>
    <subfield code="d">(01 014350)</subfield>
  </datafield>
  <datafield tag="519" ind1=" " ind2=" ">
    <subfield code="a">Plan Flexible /</subfield>
    <subfield code="b">Periodismo y Medios Digitales /</subfield>
    <subfield code="c">Laboratorio de Dise&#xF1;o en Web (P06-1) /</subfield>
    <subfield code="d">(01 014361)</subfield>
  </datafield>
  <datafield tag="650" ind1="1" ind2="4">
    <subfield code="a">PHP</subfield>
    <subfield code="x">LENGUAJE PARA COMPUTADORA</subfield>
  </datafield>
  <datafield tag="650" ind1="2" ind2="4">
    <subfield code="a">SITIOS WEB (DISE&#xD1;O)</subfield>
  </datafield>
  <datafield tag="942" ind1=" " ind2=" ">
    <subfield code="c">LB</subfield>
  </datafield>
</record>
